Ultraviolence(Deluxe)-Album (Lana Del Rey) - Statistics

General Stats
  • This quiz has been taken 91 times
  • The average score is 12 of 14
Answer Stats
Hint Answer % Correct
2. Ultraviolence
97%
12. (Deluxe) Black Beauty
93%
14. (Deluxe) Florida Kilos
92%
4. Brooklyn Baby
90%
6. Sad Girl
88%
3. Shades Of Cool
87%
5. West Coast
85%
7. Pretty When You Cry
83%
1. Cruel World
82%
10. Old Money
80%
11. The Other Woman
80%
13. (Deluxe) Guns And Roses
78%
9. Fucked My Way Up To The Top
77%
8. Money Power Glory
73%
No matching quizzes found
Score Distribution
Percent of People with Each Score
Percentile by Number Answered
Your Score History
You have not taken this quiz